[Event "IECC CL5-2005.06 email"]
[Site "IECC email"]
[Date "2005.03.19"]
[Round "?"]
[White "Tolton, Martin"]
[Black "Chegancas, Marcos Antonio"]
[Result "0-1"]
[WhiteElo "1415"]
[BlackElo "1511"]
[PlyCount "64"]
[EventDate "2005.??.??"]
[EventType "tourn (corr)"]
[EventRounds "4"]
[SourceTitle "Corr 2015"]
[Source "ChessBase"]
[SourceDate "2015.07.17"]
[SourceVersion "1"]
[SourceVersionDate "2015.07.17"]
[SourceQuality "1"]

1. e4 e5 2. Nf3 Nc6 3. Bb5 a6 4. Ba4 Nf6 5. 0-0 d6 6. Re1 Bg4 7. d3 b5 8. Bb3 Nd4 9. Nbd2 Be7 10. h3 Bh5 11. c3 Ne6 12. Nf1 c5 13. Ng3 Bg6 14. d4 exd4 15. cxd4 c4 16. Bc2 d5 17. e5 Bxc2 18. Qxc2 Nd7 19. Nf5 0-0 20. Nxe7+ Qxe7 21. Bd2 f6 22. a3 a5 23. b4 a4 24. Bc3 fxe5 25. Nxe5 Rf6 26. Nxd7 Qxd7 27. Re5 Raf8 28. Rf1 Nf4 29. Bd2 Nxh3+ 30. gxh3 Qxh3 31. Rg5 Rf3 32. Be1 Qh4 0-1

[Event "IECC Swiss email"]
[Site "IECC email"]
[Date "2002.12.16"]
[Round "?"]
[White "Tolton, Martin"]
[Black "Phillips, David A"]
[Result "1/2-1/2"]
[WhiteElo "1431"]
[BlackElo "1152"]
[PlyCount "71"]
[EventDate "2002.??.??"]
[EventType "tourn (corr)"]
[EventRounds "6"]
[SourceTitle "Corr 2008"]
[Source "ChessBase"]
[SourceDate "2008.06.24"]
[SourceVersion "1"]
[SourceVersionDate "2008.06.24"]
[SourceQuality "1"]

1. e4 d5 2. exd5 Qxd5 3. Nc3 Qa5 4. d4 Nf6 5. Nf3 Bg4 6. h3 Bxf3 7. Qxf3 c6 8. Bd3 e6 9. 0-0 Qb6 10. Qe3 Be7 11. Rb1 0-0 12. Bd2 Rd8 13. Ne2 c5 14. c3 Nc6 15. dxc5 Bxc5 16. Qg3 Ne4 17. Bxe4 Rxd2 18. Bxc6 Qxc6 19. Nc1 Bb6 20. Nb3 Rd5 21. Rbd1 h6 22. Rd2 Bc7 23. Qe3 Qd6 24. g3 Bb6 25. Rxd5 Qxd5 26. Qd2 Qxd2 27. Nxd2 Rd8 28. Nc4 Bc7 29. Re1 Kf8 30. Kf1 a6 31. Ke2 b5 32. Ne3 Bb6 33. Rd1 Rxd1 34. Nxd1 Ke7 35. Ne3 Bxe3 36. Kxe3 1/2-1/2

[Event "IECC Swiss email"]
[Site "IECC email"]
[Date "2002.10.20"]
[Round "?"]
[White "Parwicz, Witold"]
[Black "Tolton, Martin"]
[Result "1-0"]
[WhiteElo "1695"]
[BlackElo "1436"]
[PlyCount "37"]
[EventDate "2002.??.??"]
[EventType "tourn (corr)"]
[EventRounds "6"]
[SourceTitle "Corr 2008"]
[Source "ChessBase"]
[SourceDate "2008.06.24"]
[SourceVersion "1"]
[SourceVersionDate "2008.06.24"]
[SourceQuality "1"]

1. d4 f5 2. c4 Nf6 3. g3 e6 4. Bg2 d5 5. Nf3 c6 6. 0-0 Bd6 7. b3 Qe7 8. Bb2 b6 9. Nbd2 Bb7 10. Ne5 Nbd7 11. Rc1 0-0 12. cxd5 cxd5 13. Ndc4 Ne4 14. Nxd6 Nxd6 15. Rc7 Rfd8 16. Ba3 Rab8 17. Qd2 a5 18. Qf4 Bc8 19. Nc6 1-0

[Event "IECC Swiss email"]
[Site "IECC email"]
[Date "2001.12.21"]
[Round "?"]
[White "Garcia, Antonio Lopez"]
[Black "Tolton, Martin"]
[Result "1-0"]
[WhiteElo "1481"]
[BlackElo "1485"]
[PlyCount "49"]
[EventDate "2001.??.??"]
[EventType "tourn (corr)"]
[EventRounds "6"]
[SourceTitle "Corr 2008"]
[Source "ChessBase"]
[SourceDate "2008.06.24"]
[SourceVersion "1"]
[SourceVersionDate "2008.06.24"]
[SourceQuality "1"]

1. e4 c5 2. Nf3 d6 3. d4 cxd4 4. Nxd4 Nf6 5. Nc3 a6 6. Bg5 e6 7. f4 Qb6 8. Qd2 Qxb2 9. Rb1 Qa3 10. f5 Nc6 11. fxe6 fxe6 12. Nxc6 bxc6 13. e5 dxe5 14. Bxf6 gxf6 15. Ne4 Be7 16. Be2 h5 17. Rb3 Qa4 18. Nxf6+ Bxf6 19. c4 c5 20. 0-0 Ke7 21. Rbf3 Rf8 22. Rxf6 Rh8 23. Rf7+ Ke8 24. Qd6 Qd7 25. Rf8+ 1-0

[Event "IECC Swiss email"]
[Site "IECC email"]
[Date "2001.06.09"]
[Round "?"]
[White "Tolton, Martin"]
[Black "Alvim, Antonio Carlos Rodr"]
[Result "0-1"]
[WhiteElo "1527"]
[BlackElo "2177"]
[PlyCount "56"]
[EventDate "2001.??.??"]
[EventType "tourn (corr)"]
[EventRounds "6"]
[SourceTitle "Corr 2008"]
[Source "ChessBase"]
[SourceDate "2008.06.24"]
[SourceVersion "1"]
[SourceVersionDate "2008.06.24"]
[SourceQuality "1"]

1. e4 c5 2. Nf3 e6 3. d4 cxd4 4. Nxd4 a6 5. Bd3 Qb6 6. c3 Nc6 7. Nxc6 dxc6 8. 0-0 e5 9. a4 Be6 10. a5 Qd8 11. Be3 Nf6 12. h3 Bd6 13. Qe2 Qe7 14. Nd2 Rd8 15. Nc4 Bc7 16. Rfd1 0-0 17. b4 Bxc4 18. Bc5 Bxd3 19. Rxd3 Bd6 20. Bb6 Rd7 21. Rb1 Rc8 22. Kh1 c5 23. b5 axb5 24. Rxb5 Bb8 25. c4 Rd4 26. Rxd4 exd4 27. f3 Qd6 28. Qd3 Qh2# 0-1

[Event "IECC TH-T email"]
[Site "IECC email"]
[Date "2001.06.07"]
[Round "?"]
[White "Tolton, Martin"]
[Black "Cherner, Lyle"]
[Result "0-1"]
[WhiteElo "1500"]
[BlackElo "1544"]
[PlyCount "88"]
[EventDate "2001.??.??"]
[EventType "match (corr)"]
[EventRounds "2"]
[SourceTitle "Corr 2008"]
[Source "ChessBase"]
[SourceDate "2008.06.24"]
[SourceVersion "1"]
[SourceVersionDate "2008.06.24"]
[SourceQuality "1"]

1. d4 f5 2. c4 Nf6 3. g3 g6 4. Bg2 Bg7 5. Nc3 0-0 6. Nh3 d6 7. d5 Nbd7 8. 0-0 Ne5 9. b3 c5 10. Nf4 a6 11. Ne6 Bxe6 12. dxe6 Qc8 13. Bg5 h6 14. Bxf6 Bxf6 15. Nd5 Rb8 16. Nxf6+ Rxf6 17. Bd5 f4 18. h3 fxg3 19. fxg3 Rxf1+ 20. Qxf1 Qf8 21. Qf4 Qg7 22. Rf1 b5 23. Qe4 b4 24. Bc6 Nxc6 25. Qxc6 Qe5 26. Qd7 Qxg3+ 27. Kh1 Qxh3+ 28. Kg1 Qg4+ 29. Kh1 Qxe2 30. Rf7 Qe4+ 31. Kg1 Qe1+ 32. Kg2 Qe2+ 33. Kg1 Qe3+ 34. Kg2 Qg5+ 35. Kf3 Rf8 36. Rxf8+ Kxf8 37. Ke4 Kg7 38. Kd3 Kf6 39. Qe8 Kxe6 40. Qg8+ Ke5 41. Qg7+ Qf6 42. Qxh6 g5 43. Qh7 Qf5+ 44. Qxf5+ Kxf5 0-1